00656nam a2200241 a 4500001001300000003000900013005001700022008004100039020000900080082001700089100002000106245001900126260003400145300000900179500003500188505001000223650001600233700002000249902000800269942000700277952011500284999001500399nice12345678IN_TiNIC20260116011720.0050524s1978 dela grp 000 0 urd  ac1500a891.41bASH2 aAshfaq, Hussain aFaiz, Ek Jaiza aDelhibEteqad Pub.Housec1978 a167p aincludes index and biblioraphy2 aIndex aUrdu-Poetry1 aAshfaq, Hussain bSRS cBK 001040708StackRoom-aHMIbHMId2007-06-18g15.00l0o891.41 ASH2p08711r2007-06-18v15.00w2005-05-24yBK c3513d3513